Journal of economic theory

Guardado en:
Detalles Bibliográficos
Formato: Seriadas
Lenguaje:inglés
Publicado: New York Elsevier 2018
Etiquetas: Agregar Etiqueta
Sin Etiquetas, Sea el primero en etiquetar este registro!

MARC

LEADER 00000nas2a2200000 4500
001 0239650
005 20230130134549.0
022 |a 0022-0531 
041 0 |a eng 
044 |a US 
245 1 0 |a Journal of economic theory 
264 1 |a New York  |b Elsevier  |c 2018 
773 0 |w eu_un_cat*s124969 
774 0 |w eu_un_cat*0290669